Statistiques concernant Vainqueurs Rolex Paris Masters

Cliquez ici pour prendre le quiz!

Statistiques générales

  • Ce quiz a été pris 14 fois
  • Le résultat moyen est 20 sur 52

Statistiques - réponses

AnnéeVainqueur% Correct
2023Novak Djokovic
100%
2021Novak Djokovic
100%
2009Novak Djokovic
100%
2015Novak Djokovic
100%
2014Novak Djokovic
100%
2019Novak Djokovic
100%
2013Novak Djokovic
100%
2011Roger Federer
100%
2016Andy Murray
77%
2020Daniil Medvedev
77%
2008Jo-Wilfried Tsonga
77%
1995Pete Sampras
69%
1997Pete Sampras
69%
1999Andre Agassi
62%
1994Andre Agassi
62%
2012David Ferrer
54%
2022Holger Rune
54%
1986Boris Becker
46%
1989Boris Becker
46%
1992Boris Becker
46%
2000Marat Safin
46%
2004Marat Safin
46%
2002Marat Safin
46%
1990Stefan Edberg
46%
1991Guy Forget
31%
1973Ilie Năstase
31%
1970Arthur Ashe
23%
2007David Nalbandian
23%
2018Karen Khachanov
23%
2001Sébastien Grosjean
23%
1972Stan Smith
23%
1971Stan Smith
23%
2005Tomáš Berdych
23%
2017Jack Sock
15%
2010Robin Söderling
15%
1993Goran Ivanišević
8%
1987Tim Mayotte
8%
1988Amos Mansdorf
0%
1974Brian Gottfried
0%
1980Brian Gottfried
0%
1977Corrado Barazzutti
0%
1976Eddie Dibbs
0%
1998Greg Rusedski
0%
1979Harold Solomon
0%
1981Mark Vines
0%
2006Nikolay Davydenko
0%
1978Robert Lutz
0%
1996Thomas Enqvist
0%
2003Tim Henman
0%
1975Tom Okker
0%
1969Tom Okker
0%
1982Wojtek Fibak
0%

Distribution des résultats

Percentile par nombre de réponses

% des personnes avec chaque résultat

Votre développement - résultats

Vous n’avez pas pris ce quiz